000
00304nam a2200133Ia 4500
005
20251222153533.0
008
251222s9999||||xx |||||||||||||| ||spa||
020
_a
8461117484
082
_a
616.04/S64
245
0
_a
Cáncer Hereditario
250
_a
1ra. ed.
264
_b
Dispublic, S.L.
942
_c
LIB
999
_c
30163
_d
30163